01606nam a2200421 i 450000100060000000300080000600500170001400600190003100700150005000800410006502000180010602000280012403500220015204000310017405000220020508000100022708200140023724501380025126400390038930000410042833600290046933700330049833800390053149000410057050400290061158800830064059001620072365000220088565000150090765000230092265000240094565500270096970000480099679700180104483000420106285600630110499900170116733607FINmELB20241216220833.0m o u cr cn|||||||||200110s2014 sp ob 000 0 spa d z9788497428095 a9788416095278q(e-book) a(OCoLC)1139491207 aFINmELBbspaerdacFINmELB14aHM1271bP222 2014 a316.404a305.822300aParadojas de la interculturalidad :bfilosofía, lenguaje y discurso /cMa. Carmen López Sáenz, Beatriz Penas Ibáñez (eds.). 1aMadrid :bBiblioteca Nueva,c2014. a1 recurso en línea (223 páginas) atextobtxt2rdamedia/spa acomputadorabc2rdamedia/spa arecurso en línea2rdacarrier/spa1 aColección Razón y sociedad ;v74 aContiene bibliografía. aDescripción basada en metadatos suministrados por el editor y otras fuentes. aRecurso electrónico. Santa Fe, Arg.: elibro, 2020. Disponible vía World Wide Web. El acceso puede estar limitado para las bibliotecas afiliadas a elibro. 0aMulticulturalism. 0aEthnicity. 4aMulticulturalismo. 4aIdentidad cultural. 4aLibros electrónicos.1 aLópez Sáenz, Maria del Carmen,eeditor.2 aelibro, Corp. 0aColección Razón y sociedad ;v74.40uhttps://elibro.net/ereader/politecnicointernacional/111591 c33607d33607